<?xml version="1.0" encoding="UTF-8"?><?xml-stylesheet type="text/xsl" href="static/style.xsl"?><OAI-PMH xmlns="http://www.openarchives.org/OAI/2.0/" xmlns:xsi="http://www.w3.org/2001/XMLSchema-instance" xsi:schemaLocation="http://www.openarchives.org/OAI/2.0/ http://www.openarchives.org/OAI/2.0/OAI-PMH.xsd"><responseDate>2026-06-02T04:01:53Z</responseDate><request verb="GetRecord" identifier="oai:riubu.ubu.es:10259/193" metadataPrefix="marc">https://riubu.ubu.es/oai/request</request><GetRecord><record><header><identifier>oai:riubu.ubu.es:10259/193</identifier><datestamp>2022-12-20T10:57:08Z</datestamp><setSpec>com_10259_2699</setSpec><setSpec>col_10259_2713</setSpec></header><metadata><record xmlns="http://www.loc.gov/MARC21/slim" xmlns:doc="http://www.lyncode.com/xoai" xmlns:xsi="http://www.w3.org/2001/XMLSchema-instance" xmlns:dcterms="http://purl.org/dc/terms/" xsi:schemaLocation="http://www.loc.gov/MARC21/slim http://www.loc.gov/standards/marcxml/schema/MARC21slim.xsd">
<leader>00925njm 22002777a 4500</leader>
<datafield tag="042" ind1=" " ind2=" ">
<subfield code="a">dc</subfield>
</datafield>
<datafield tag="720" ind1=" " ind2=" ">
<subfield code="a">Lacolla, Liliana H.</subfield>
<subfield code="e">author</subfield>
</datafield>
<datafield tag="260" ind1=" " ind2=" ">
<subfield code="c">2012</subfield>
</datafield>
<datafield tag="520" ind1=" " ind2=" ">
<subfield code="a">En la presente tesis se acepta que la construcción del concepto estructurante cambio químico se ve atravesado por la interpretación que a nivel social se le otorga a este fenómeno. Por tal motivo se considera que la teoría de las representaciones sociales puede enriquecer el campo de conocimientos concerniente al apredinzaje de la química. Se propone analizar la construcción de los conceptos científicos en el aula a la luz de las interaciiones sociales que generan conocimiento socialmente compartido.De esta manera se caracteriza la RS que un grupo de estudiantes (15-16 años) posee respecto del tema reacciones químicas antes del abordaje de dicha temática y posteriormente la modificación de la RS, una vez finalizada la instrucción. Además se muestran resultados obtenidos de comparar la RS identificada inicialmente con la representación que poseen otros actores en la sociedad (que no petenecen al ámbito escolar), y con la visión que los medios de comunicación difunden sobre las reacciones químicas.</subfield>
</datafield>
<datafield tag="024" ind2=" " ind1="8">
<subfield code="a">http://hdl.handle.net/10259/193</subfield>
</datafield>
<datafield tag="024" ind2=" " ind1="8">
<subfield code="a">10.36443/10259/193</subfield>
</datafield>
<datafield ind1=" " ind2=" " tag="653">
<subfield code="a">Representaciones sociales</subfield>
</datafield>
<datafield ind1=" " ind2=" " tag="653">
<subfield code="a">Reacciones químicas</subfield>
</datafield>
<datafield ind1=" " ind2=" " tag="653">
<subfield code="a">cambio químico</subfield>
</datafield>
<datafield ind1=" " ind2=" " tag="653">
<subfield code="a">niveles de representación</subfield>
</datafield>
<datafield ind1=" " ind2=" " tag="653">
<subfield code="a">Social representations</subfield>
</datafield>
<datafield ind1=" " ind2=" " tag="653">
<subfield code="a">chemical reactions</subfield>
</datafield>
<datafield ind1=" " ind2=" " tag="653">
<subfield code="a">chemical change</subfield>
</datafield>
<datafield ind1=" " ind2=" " tag="653">
<subfield code="a">levels of representation</subfield>
</datafield>
<datafield tag="245" ind1="0" ind2="0">
<subfield code="a">La representación social que los estudiantes poseen acerca de las reacciones químicas y su incidencia en la construcción del concepto de cambio químico</subfield>
</datafield>
</record></metadata></record></GetRecord></OAI-PMH>